<?xml version="1.0" encoding="UTF-8"?>
<collection xmlns="http://www.loc.gov/MARC21/slim">
 <record>
  <leader>01125nam a22002897a 4500</leader>
  <controlfield tag="001">28553</controlfield>
  <controlfield tag="003">BD-DhAAL</controlfield>
  <controlfield tag="005">20141107112129.0</controlfield>
  <controlfield tag="008">141107r20021999ii            000 0 eng  </controlfield>
  <datafield tag="010" ind1=" " ind2=" ">
   <subfield code="a">   00403545 </subfield>
  </datafield>
  <datafield tag="020" ind1=" " ind2=" ">
   <subfield code="a">014100245X</subfield>
  </datafield>
  <datafield tag="020" ind1=" " ind2=" ">
   <subfield code="a">0670899917</subfield>
  </datafield>
  <datafield tag="040" ind1=" " ind2=" ">
   <subfield code="a">DLC</subfield>
   <subfield code="c">DLC</subfield>
   <subfield code="d">BD-DhAAL</subfield>
  </datafield>
  <datafield tag="050" ind1="0" ind2="0">
   <subfield code="a">MLCM 2001/02987 (P)</subfield>
   <subfield code="a">PR9499.3.N3</subfield>
  </datafield>
  <datafield tag="082" ind1="0" ind2="4">
   <subfield code="2">21</subfield>
   <subfield code="a">823.912</subfield>
  </datafield>
  <datafield tag="100" ind1="1" ind2=" ">
   <subfield code="a">Narayan, R. K.,</subfield>
   <subfield code="d">1906-2001.</subfield>
   <subfield code="9">5937</subfield>
  </datafield>
  <datafield tag="245" ind1="1" ind2="0">
   <subfield code="a">Memories of Malgudi /</subfield>
   <subfield code="c">R.K. Narayan ; edited with an introduction by S. Krishnan.</subfield>
  </datafield>
  <datafield tag="260" ind1=" " ind2=" ">
   <subfield code="a">New Delhi ;</subfield>
   <subfield code="a">New York, NY :</subfield>
   <subfield code="b">Viking,</subfield>
   <subfield code="c">c1999 [2000]</subfield>
  </datafield>
  <datafield tag="300" ind1=" " ind2=" ">
   <subfield code="a">xv, 779 p. ;</subfield>
   <subfield code="c">23 cm.</subfield>
  </datafield>
  <datafield tag="500" ind1=" " ind2=" ">
   <subfield code="a">Novels.</subfield>
  </datafield>
  <datafield tag="505" ind1="0" ind2=" ">
   <subfield code="a">The dark room -- The English teacher -- Waiting for the Mahatma -- The guide -- The world of Nagaraj.</subfield>
  </datafield>
  <datafield tag="541" ind1=" " ind2=" ">
   <subfield code="e">28533</subfield>
  </datafield>
  <datafield tag="650" ind1=" " ind2="0">
   <subfield code="a">Malgudi (India : Imaginary place)</subfield>
   <subfield code="x">Fiction.</subfield>
   <subfield code="9">5938</subfield>
  </datafield>
  <datafield tag="700" ind1="1" ind2=" ">
   <subfield code="a">Krishnan, S.,</subfield>
   <subfield code="d">1925-</subfield>
   <subfield code="9">5939</subfield>
  </datafield>
  <datafield tag="942" ind1=" " ind2=" ">
   <subfield code="2">ddc</subfield>
   <subfield code="c">BK</subfield>
  </datafield>
  <datafield tag="999" ind1=" " ind2=" ">
   <subfield code="c">33010</subfield>
   <subfield code="d">33010</subfield>
  </datafield>
  <datafield tag="952" ind1=" " ind2=" ">
   <subfield code="0">0</subfield>
   <subfield code="1">0</subfield>
   <subfield code="2">ddc</subfield>
   <subfield code="4">0</subfield>
   <subfield code="6">823_912000000000000_NAR</subfield>
   <subfield code="7">0</subfield>
   <subfield code="9">43989</subfield>
   <subfield code="a">BRACUL</subfield>
   <subfield code="b">BRACUL</subfield>
   <subfield code="c">GEN</subfield>
   <subfield code="d">2014-11-07</subfield>
   <subfield code="e">Paragon Enterprises Ltd.</subfield>
   <subfield code="g">584.00</subfield>
   <subfield code="l">4</subfield>
   <subfield code="m">4</subfield>
   <subfield code="o">823.912 NAR</subfield>
   <subfield code="p">3010028533</subfield>
   <subfield code="r">2024-09-03</subfield>
   <subfield code="s">2024-07-08</subfield>
   <subfield code="t">1</subfield>
   <subfield code="w">2014-11-07</subfield>
   <subfield code="y">BK</subfield>
  </datafield>
 </record>
</collection>
